| 000 | 00974nam a22003017a 4500 | ||
|---|---|---|---|
| 003 | DO-SdBPM | ||
| 005 | 20250801084206.0 | ||
| 007 | ta | ||
| 008 | 160712b1998 mx |||| 00| 0 spa d | ||
| 020 | _a9789681903916 | ||
| 040 |
_aDO-SdBPM _bspa _cBPMSU _erda |
||
| 082 | 4 |
_a757.9 _bF954r 1998 _222 |
|
| 100 | 1 |
_aFuentes, Carlos _d1928- _eautor |
|
| 245 | 1 | 0 |
_aRetratos en el tiempo / _cCarlos Fuentes ; fotografías Carlos Fuentes Lemus |
| 264 |
_aMéxico : _bAguilar, _c1998. |
||
| 300 |
_a142 páginas : _bilustraciones _c23 cm. |
||
| 336 |
_atexto _btxt _2rdacontent |
||
| 337 |
_asin mediación _bn _2rdamedia |
||
| 338 |
_avolumen _bnc _2rdacarrier |
||
| 590 | _aInventariado, 2025/VM | ||
| 650 | 7 |
_aAutores _vRetratos. |
|
| 650 | 7 |
_aLiteratos _vRetratos. |
|
| 650 | 7 |
_aArtistas _vRetratos. |
|
| 650 | 7 |
_aActores _vRetratos. |
|
| 700 | 1 |
_aFuentes Lemus, Carlos, _d1973-1999 _eretratos |
|
| 910 | _aBTAVÁREZ/VMateo V. Control de calidad. BPMSU | ||
| 942 |
_2ddc _cBK |
||
| 999 |
_c10842 _d10842 |
||